000 00543nam a2200181Ia 4500
008 090122s9999 xx 000 0 und d
082 _b13997
_a891.463
100 _aकर्णिक
_bमधु
_cमंगेश
245 _aहृदयंगम
260 _bअनघा
_c2007
300 _a136
501 _a028 - 26/12/2008 अनघा प्रकाशन ठाणे
600 _aकर्णिक
630 _aहृदयंगम
700 _aकर्णिक
730 _aहृदयंगम
942 _cBOOK
999 _c38074
_d38074